000
00292nam a22001337a 4500
008
170821b xxu||||| |||| 00| 0 eng d
020
_a
9780321576231
041
_a
eng
080
_2
9TH
_a
51
100
_a
37
101
_a
MAT
245
_a
INTERMEDIATE ALGEBRA
_c
LIAL,M.L
942
_2
udc
_c
BK
999
_c
24322
_d
24322